Guide de l'etranger a St. Sebastien (Record no. 190261)
[ view plain ]
| 000 -LEADER | |
|---|---|
| campo de control de longitud fija | 00413nam a2200133 i 4500 |
| 001 - NÚMERO DE CONTROL | |
| campo de control | 190261 |
| 003 - IDENTIFICADOR DE NÚMERO DE CONTROL | |
| campo de control | ES-MaACL |
| 005 - FECHA Y HORA DE LA ÚLTIMA TRANSACCIÓN | |
| campo de control | 20230906223700.0 |
| 008 - DATOS DE LONGITUD FIJA--INFORMACIÓN GENERAL | |
| campo de control de longitud fija | 201002s1880 sp |||| | fre d |
| 245 00 - MENCIÓN DEL TÍTULO | |
| Título | Guide de l'etranger a St. Sebastien |
| Resto del título | : plan de la ville, vue perspective. |
| 260 ## - PUBLICACIÓN, DISTRIBUCIÓN, ETC. | |
| Lugar de publicación, distribución, etc. | Saint Sebastien : |
| Nombre del editor, distribuidor, etc. | [s.n.], |
| Fecha de publicación, distribución, etc. | 1880. |
| 651 #4 - PUNTO DE ACCESO ADICIONAL DE MATERIA--NOMBRE GEOGRÁFICO | |
| Nombre geográfico | San Sebastián- |
| Subdivisión general | Descripción. |
| 9 (RLIN) | 144177 |
| 852 ## - LOCALIZACIÓN | |
| Ubicación | ES-MaACL |
| Número de control de estantería | T-696-F-3 |
| Estatus retirado | Estado de pérdida | Estado de daño | No para préstamo | Colección | Biblioteca de origen | Biblioteca actual | Ubicación en estantería | Fecha de adquisición | Fuente de adquisición | Total de préstamos | Signatura topográfica completa | Código de barras | Visto por última vez | Precio de reemplazo | Tipo de ítem Koha |
|---|---|---|---|---|---|---|---|---|---|---|---|---|---|---|---|
| Colección de folletos | Biblioteca del Ateneo de Madrid | Biblioteca del Ateneo de Madrid | Depósito folletos | 06/06/2005 | T-696-F-3 | 1202102 | 23/02/2023 | 23/02/2023 | Folleto |
